书目信息 |
| 题名: |
共享经济大战略
|
|
| 作者: | 张勇 编 | |
| 分册: | ||
| 出版信息: | 北京 中国言实出版社 2017 |
|
| 页数: | 328页 | |
| 开本: | 24cm | |
| 丛书名: | ||
| 单 册: | ||
| 中图分类: | F71 | |
| 科图分类: | ||
| 主题词: | 商业模式--研究 | |
| 电子资源: | ||
| ISBN: | 978-7-5171-2142-8 | |
| 000 | 00762nam0 2200229 450 | |
| 001 | 012001000172 | |
| 005 | 20140920091301.0 | |
| 010 | @a978-7-5171-2142-8@dCNY68.80 | |
| 100 | @a20180819d2017 em y0chiy50 ea | |
| 101 | 0 | @achi |
| 102 | @aCN@b110000 | |
| 105 | @ay z 000yy | |
| 106 | @ar | |
| 200 | 1 | @a共享经济大战略@9Gong Xiang Jing Ji Da Zhan Lve@f张勇编 |
| 210 | @a北京@c中国言实出版社@d2017 | |
| 215 | @a328页@d24cm | |
| 330 | @a本书分析了当下一种很热的经济现象“共享经济”。内容包括:正确理解共享经济、催生共享经济、公司的共享经济、如何制定规则、重构未来新模式、信任是共享经济的加速器等。 | |
| 606 | 0 | @a商业模式@x研究 |
| 690 | @aF71@v5 | |
| 701 | 0 | @a张勇@9Zhang Yong@4编 |
| 801 | 0 | @aCN@b上海新华@c20180901 |
| 905 | @b1040849-53@dF71@e1016@f5 | |
| 共享经济大战略/张勇编.-北京:中国言实出版社,2017 |
| 328页;24cm |
| ISBN 978-7-5171-2142-8:CNY68.80 |
| 本书分析了当下一种很热的经济现象“共享经济”。内容包括:正确理解共享经济、催生共享经济、公司的共享经济、如何制定规则、重构未来新模式、信任是共享经济的加速器等。 |
| ● |
| 相关链接 |
|
|
|
|
正题名:共享经济大战略
索取号:F71/1016
 
预约/预借
| 序号 | 登录号 | 条形码 | 馆藏地/架位号 | 状态 | 备注 |
| 1 | 1040849 | 210408496 | 第一样本阅览室/ [索取号:F71/1016] | 在馆 | |
| 2 | 1040850 | 210408502 | 第一借阅区/ [索取号:F71/1016] | 在馆 | |
| 3 | 1040851 | 210408511 | 第一借阅区/ [索取号:F71/1016] | 在馆 | |
| 4 | 1040852 | 210408520 | 第一借阅区/ [索取号:F71/1016] | 在馆 | |
| 5 | 1040853 | 210408539 | 第一借阅区/ [索取号:F71/1016] | 在馆 |